Film (Movie) Titles That Mention Food Or Drink - Statistics

General Stats
  • This quiz has been taken 94 times
  • The average score is 8 of 15
Answer Stats
Hint Date Answer % Correct
A romantic comedy starring Audrey Hepburn as Holly Golightly. 1961 Breakfast at Tiffany's
82%
A rodent dreams of being a chef and cooks up a traditional southern French vegetable stew. 2007 Ratatouille
82%
Michael Jordan and Bugs Bunny play a basketball game to win the freedom of Looney Tunes characters. 1996 Space Jam
70%
Having found a Golden Ticket, Charlie is invited to tour a sweet-making company along with four spoilt brats. 1971 Willy Wonka and the Chocolate Factory
69%
In a dystopian future Britain, Alex and his droogs wreak havoc and must be rehabilitated (to a classical music soundtrack). 1971 A Clockwork Orange
68%
Tom Cruise learns the tricks of mixing drinks flashily and finds love in Jamaica. 1988 Cocktail
65%
In this biographical film, Sean Penn portrays the first openly gay elected official in California (a man who was later assassinated). 2008 Milk
65%
In this waterbird-broth related title, the Marx Brothers take up positions in the government of bankrupt Freedonia. 1933 Duck Soup
63%
Johnny Depp cares for his fat housebound mother and his vulnerable younger brother (played by Leonardo Dicaprio). 1993 What's Eating Gilbert Grape
56%
A tale of two women's close relationship in the American South in the early 20th century. The title is something they cook in their cafe. The story is told by an old lady in a nursing home in the present day. 1991 Fried Green Tomatoes
50%
Something nasty tends to happen in the fields on your 19th birthday, in this franchise based on a Stephen King short story. 1984+ Children of the Corn
32%
Jim Jarmusch films Tom Waits, Iggy Pop, Steve Buscemi and Steve Coogan and others sit around talking, while drinking caffeine-based drinks and smoking. 2003 Coffee and Cigarettes
19%
Disney's fourth installment of the adventures of a crazy autonomous Volkswagen beetle (striped white, number 53). 1977 Herbie Goes Bananas
19%
Set in the weird Interzone, this hallucinogenic film by David Cronenberg is based on a novel by William S. Burroughs. 1991 Naked Lunch
15%
In this classic British New Wave social realism film, Jo has a fling with a black sailor, but he sails off. Her gay student friend initially offers to help bring up the baby (but her alcoholic mother drives him away). Fun times. 1961 A Taste of Honey
13%
No matching quizzes found
Score Distribution
Percent of People with Each Score
Percentile by Number Answered
Your Score History
You have not taken this quiz